ՀՀ Գիտությունների ազգային ակադեմիայի հիմնարար գիտական գրադարան  =   Fundamental Scientific Library of NAS RA

Происхождение современного народно-правового государства : (Record no. 446803)

MARC details
000 -LEADER
fixed length control field 00866nam a22001937a 4500
003 - CONTROL NUMBER IDENTIFIER
control field AM-YeHGA
040 ## - CATALOGING SOURCE
Original cataloging agency AM-YeHGA
090 ## - LOCALLY ASSIGNED LC-TYPE CALL NUMBER (OCLC); LOCAL CALL NUMBER (RLIN)
-- 449679
005 - DATE AND TIME OF LATEST TRANSACTION
control field 20250617160134.0
008 - FIXED-LENGTH DATA ELEMENTS--GENERAL INFORMATION
fixed length control field 200207b ||||| |||| 00| 0 rus d
041 0# - LANGUAGE CODE
Language code of text/sound track or separate title rus
100 ## - MAIN ENTRY--PERSONAL NAME
Personal name Кареев, Николай Иванович
245 10 - TITLE STATEMENT
Title Происхождение современного народно-правового государства :
Remainder of title Ист. очерк конституц. учреждений и учений до середины 19 в. /
Statement of responsibility, etc. Н. Кареев
260 ## - PUBLICATION, DISTRIBUTION, ETC.
Place of publication, distribution, etc. Санкт-Петербург :
Name of publisher, distributor, etc. тип. М.М. Стасюлевича,
Date of publication, distribution, etc. 1908
300 ## - PHYSICAL DESCRIPTION
Extent X, 496 с
440 #0 - SERIES STATEMENT/ADDED ENTRY--TITLE
Title Типологические курсы по истории государственного быта
653 0# - INDEX TERM--UNCONTROLLED
Uncontrolled term Правовое государство
942 ## - ADDED ENTRY ELEMENTS (KOHA)
Source of classification or shelving scheme Universal Decimal Classification
Koha item type Գրքեր / Books
Holdings
Withdrawn status Lost status Damaged status Not for loan Collection Home library Current library Date acquired Total checkouts Full call number Barcode Date last seen Price effective from Koha item type Public note
        General Fundamental Scientific Library Fundamental Scientific Library 07/02/2020   РД II/66788 FL0620541 07/02/2020 07/02/2020 Գրքեր / Books 30 Days Loan


ՀՀ ԳԱԱ հիմնարար գիտական գրադարան
ՀՀ,Երևան 0019
Մարշալ Բաղրամյան 24/6
հեռախոս:(374-10) 52-47-50
Հետադարձ կապ

All site content, except where otherwise noted, is licensed under a
Creative Commons License